Classifica Serie A 2021-2022 - Statistics

Statistiche generali
  • Questo quiz è stato fatto 143 volte
  • Il punteggio medio è 18 su 20
Statistiche sulle risposte
Squadra Punti Vinte Pareggiate Perse Gol fatti Gol subiti % Corretto
Inter 84 25 9 4 84 32
100%
Milan 86 26 8 4 69 31
100%
Juventus 70 20 10 8 57 37
98%
Lazio 64 18 10 10 77 59
98%
Napoli 79 24 7 7 74 31
98%
Roma 63 18 9 11 59 43
98%
Fiorentina 62 19 5 14 59 51
97%
Atalanta 59 16 11 11 65 48
94%
Genoa 28 4 16 18 27 60
93%
Bologna 46 12 10 16 44 55
92%
Torino 50 13 11 14 46 41
92%
Sampdoria 36 10 6 22 46 63
91%
Sassuolo 50 13 11 14 64 66
91%
Cagliari 30 6 12 20 34 68
90%
Udinese 47 11 14 13 61 58
90%
Hellas Verona 53 14 11 13 65 59
85%
Empoli 41 10 11 17 50 70
81%
Salernitana 31 7 10 21 33 78
81%
Venezia 27 6 9 23 34 69
69%
Spezia 36 10 6 22 41 71
67%
Nessun quiz corrispondente trovato
Distribuzione punteggi
Percentuale di utenti per punteggio
Percentile per numero di risposta
I tuoi punteggi nel tempo
Non hai fatto questo quiz